000 00876nab a2200253 u 4500
001 17921
003 HDC
007 cr bn ---aaaaa
008 210225c20110611xx dr|noo 0 a eng d
040 _aHDC
100 _aJailani Hassan
_eauthor
_917069
245 0 _aMalaysia: Ministry Awaits Nod On Setting Up Of Firm To Run Labuan Halal Hub / by
_cJailani Hassan
260 _a[No place] :
_b[publisher not identified],
_c2011
336 _atext
_2rdacontent
337 _acomputer
_2rdamedia
338 _aonline resource
_2rdacarrier
650 _aHalal industry
_9144
650 _aLabuan Halal Hub
_98928
710 _aHalal Focus
856 _zRequest full-text at [email protected]
942 _2lcc
942 _cNEWS
942 _kNWSO 005993
999 _c15237
_d15237